| 000 | 00565nam a2200217Ia 4500 | ||
|---|---|---|---|
| 003 | OSt | ||
| 005 | 20230517122157.0 | ||
| 008 | 210423s2015 xx 000 0 und d | ||
| 020 | _a978-81-309-3034-3 | ||
| 040 | _cAL | ||
| 041 | _aeng | ||
| 082 |
_a510.01 _223 _b KHAT |
||
| 100 |
_aKHAN (Mohd Shadab) _9106178 |
||
| 245 | _aTextbook of business mathematics | ||
| 260 |
_aNew Delhi _bViva Books Pvt Ltd _c2015 |
||
| 300 |
_a532 _bPB |
||
| 365 |
_b595 _cINR |
||
| 650 |
_aMathematics _9106179 |
||
| 906 | _abusiness ; mathematics ; Textbook | ||
| 942 |
_2ddc _cBK |
||
| 999 |
_c166577 _d166577 |
||